Poskytovanie priestorových dát o núdzových plochách pre parašutistickú prevádzku prostredníctvom webovej aplikácie

Guardado en:
Detalles Bibliográficos
Autor principal: Slovák, Karol (Autor)
Otros Autores: Faixová Chalachanová, Jana (Orientador)
Formato: Manuscrito Libro
Lenguaje:eslovaco
Publicado: 2024
Materias:
Acceso en línea:http://is.stuba.sk/zp/portal_zp.pl?podrobnosti=167505
https://opac.crzp.sk/?fn=detailBiblioForm&sid=D4AFBEDDECE97BC6333D019A1374
Etiquetas: Agregar Etiqueta
Sin Etiquetas, Sea el primero en etiquetar este registro!

MARC

LEADER 00000ntm a22000003a 4500
001 stuzp99118
003 SK-STU
005 20240927115334.2
007 ta
008 150427s2015----xo-----f-mn---000-0-slo-d
040 |a STU  |b slo 
041 0 |a slo 
100 1 |a Slovák, Karol  |u 010130  |4 aut  |U SvF Stavebná fakulta  |T SvF Katedra globálnej geodézie a geoinformatiky  |X 114887  |U V130  |Y 13  |7 114887 
242 0 1 |a Providing spatial data about emergency areas for parachuting operations through a web application  |y eng 
245 1 0 |a Poskytovanie priestorových dát o núdzových plochách pre parašutistickú prevádzku prostredníctvom webovej aplikácie 
260 |c 2024 
650 4 |a ArcGIS Online  |2 slo 
650 4 |a Webová mapová aplikácia  |2 slo 
650 4 |a Núdzové plochy  |2 slo 
650 4 |a ArcGIS Pro  |2 slo 
650 4 |a Experience Builder  |2 slo 
650 4 |a Esri  |2 slo 
650 4 |a Emergency areas  |2 eng 
650 4 |a ArcGIS Pro  |2 eng 
650 4 |a Experience Builder  |2 eng 
650 4 |a ArcGIS Online  |2 eng 
650 4 |a Esri  |2 eng 
650 4 |a Web map application  |2 eng 
700 1 |a Faixová Chalachanová, Jana  |u 010130  |k Z1  |4 ths  |U SvF Stavebná fakulta  |T SvF Katedra globálnej geodézie a geoinformatiky  |X 4051  |U V130  |Y 13  |7 A000004051 
856 4 |u http://is.stuba.sk/zp/portal_zp.pl?podrobnosti=167505 
856 4 |u https://opac.crzp.sk/?fn=detailBiblioForm&sid=D4AFBEDDECE97BC6333D019A1374